000 00682nam a2200265Ia 4500
005 20260121172111.0
008 008 260114s9999 xx 000 0 eng d
020 _a9789811584589
037 _aEBOOK
040 _aCRL
040 _beng
040 _cCRL
041 _2eng
041 _aeng
084 _qCRL
100 _aYingmin Jia, Weicun Zhang, Yongling Fu
_91084276
245 0 _aProceedings of 2020 Chinese Intelligent Systems Conference
260 _bSpringer
260 _bSpringer
260 _c2021
856 _uhttps://link.springer.com/openurl?genre=book&isbn=978-981-15-8458-9
942 _cEBOOK
999 _c1650010
_d1650010